MARC details
| 000 -CABECERA |
| campo de control de longitud fija |
01468ngm a2200241 a 4500 |
| 005 - FECHA Y HORA DE LA ÚLTIMA TRANSACCIÓN |
| campo de control |
20240912063812.0 |
| 008 - ELEMENTOS DE LONGITUD FIJA--INFORMACIÓN GENERAL |
| campo de control de longitud fija |
070125s2000 mx 052 aaspa d |
| 035 ## - NÚMERO DE CONTROL DEL SISTEMA |
| Número de control de sistema |
UPN01000148874 |
| 049 ## - COLECCIÓN |
| Colección |
AV |
| 050 #4 - SIGNATURA TOPOGRÁFICA DE LA BIBLIOTECA DEL CONGRESO |
| Número de clasificación |
DVD QP 54 |
| 245 03 - MENCIÓN DE TÍTULO |
| Título |
La guía máxima : |
| Resto del título |
cuerpo humano |
| Medio |
[DVD] / |
| Mención de responsabilidad, etc. |
dir. Luke Campbell. |
| 260 ## - PUBLICACIÓN, DISTRIBUCIÓN, ETC. |
| Lugar de publicación, distribución, etc. |
[E.U.A.] : |
| Nombre del editor, distribuidor, etc. |
Discovery Channel, |
| Fecha de publicación, distribución, etc. |
c2000. |
| 300 ## - DESCRIPCIÓN FÍSICA |
| Extensión |
1 DVD (52 min.) : |
| Otras características físicas |
son., col. ; |
| Dimensiones |
4 3/4 plg. |
| 500 ## - NOTA GENERAL |
| Nota general |
Características especiales: Idiomas español e inglés, menús interactivos, avances |
| 520 ## - NOTA DE RESUMEN, ETC. |
| Sumario, etc. |
Conozca a detalle y de manera única el complejo y misterioso funcionamiento del cuerpo humano, a través de este documental que muestra la sorprendente forma en que trabaja el esqueleto, las manos, el cerebro, el olfato, la vista y la piel. También podrá aprender cómo operan funciones complejas como el equilibrio y la relación que mantiene nuestro cuerpo con agentes externos capaces de generar reacciones químicas que provocan placer y hasta curan depresiones. En bebés, adultos, hombres y mujeres, el cuerpo realiza minuto tras minuto asombrosas proezas que son presentadas con precisión mediante animaciones computarizadas y fotografías |
| 533 ## - NOTA DE REPRODUCCIÓN |
| Tipo de reproducción |
Región 1 y 4 |
| 534 ## - NOTA SOBRE LA VERSIÓN ORIGINAL |
| Frase introductoria |
Título original: |
| Mención de título del original |
The ultimate guide : human body |
| 650 #2 - ASIENTO SECUNDARIO DE MATERIA - TERMINO TEMATICO |
| Término de materia o nombre geográfico como elemento de entrada |
Cuerpo humano |
| 9 (RLIN) |
9138 |
| 650 #2 - ASIENTO SECUNDARIO DE MATERIA - TERMINO TEMATICO |
| Término de materia o nombre geográfico como elemento de entrada |
Anatomía humana |
| 9 (RLIN) |
582 |
| 650 #4 - ASIENTO SECUNDARIO DE MATERIA - TERMINO TEMATICO |
| Término de materia o nombre geográfico como elemento de entrada |
DOCUMENTALES POR TELEVISION |
| 9 (RLIN) |
5921 |
| 700 1# - ASIENTO SECUNDARIO--NOMBRE DE PERSONAL |
| Nombre de persona |
Campbell, Luke, |
| Término indicativo de función/relación |
dir. |
| 905 ## - TIPO DE MATERIAL |
| Tipo de material |
Audiovisuales |